000 00279nam a22001217a 4500
008 160521b xxu||||| |||| 00| 0 eng d
020 _a9780131410503
020 _a0131410504
041 _aeng
080 _a579
245 _aBiological science:
_cScott Freeman;
942 _2udc
_cBK
999 _c2339
_d2339